| 000 | 01169cam a2200325 a 4500 | ||
|---|---|---|---|
| 001 | 15835780 | ||
| 005 | 20140109134008.0 | ||
| 008 | 090725r20092011xxko frb2 001 0 eng | ||
| 010 | _a 2009029710 | ||
| 016 | 7 |
_a015326466 _2Uk |
|
| 020 | _a9780566092138 (pbk. : alk. paper) | ||
| 020 | _a0566092131 (pbk. : alk. paper) | ||
| 040 |
_aDLC _cDLC _dBTCTA _dBWKUK _dYDXCP _dBWX _dUKM _dNTE _dDLC |
||
| 050 | 0 | 0 |
_aHC79.T4 _bF89 2009 |
| 082 | 0 | 4 |
_a338.064 _222 _bFUT |
| 245 | 0 | 4 |
_aThe future of innovation / _cedited by Bettina von Stamm and Anna Trifilova. |
| 250 | _aReprinted. | ||
| 260 |
_aFarnham, United Kingdom ; _aBurlington, United States : _bGower, _cc.2009 _f(MPG Books Group) |
||
| 300 |
_axxvi, 502 p. : _bphotograph ; _c25 cm. |
||
| 500 | _aIndex : p. 489-502. | ||
| 500 | _aReprint of the 2009 ed. | ||
| 504 | _aIncludes bibliographical references. | ||
| 650 | 0 |
_aTechnological innovations _xForecasting. _934771 |
|
| 650 | 0 |
_aTechnological innovations _xEconomic aspects. _934772 |
|
| 653 |
_cJanuary2014 _bBus |
||
| 655 |
_vreading book _934232 |
||
| 700 | 1 |
_aVon Stamm, Bettina _934773 |
|
| 700 | 1 |
_aTrifilova, Anna _934774 |
|
| 942 |
_2ddc _cBB _k338.064 FUT |
||
| 999 |
_c17898 _d17870 |
||